000 00421nmm a2200145Ia 4500
008 251105s9999||||xx |||||||||||||||||und||
041 _aspa
100 _aCamacho-Ramírez, Adriana
245 0 _aAcoso laboral o mobbing
264 _a[Bogotá, Colombia] :
_bUniversidad del Rosario,
_c2018
300 _a239 páginas
650 _aPsychology
856 _uhttps://public.digitaliapublishing.com/a/59756
942 _cCF
999 _c106600
_d106600